Piłkarze ACF Fiorentina - nagła śmierć - Statystyki

Ogólne statystyki
  • Ten quiz został rozwiązany 158 razy
  • Średni wynik to 11 z 20
Answers on the Grid
Answers color-coded by a green-red scale on the quiz's grid according to % correct below.
Jakub Blaszczykowski
Artur Boruc
Piotr Zieliński
Franck Ribéry
Wojciech Szczęsny
Mohamed Salah
Bartłomiej Drągowski
Harry Kane
Krzysztof Piątek
Gianluigi Buffon
Dani Alves
David de Gea
Dušan Vlahović
Antoine Griezmann
Mario Gómez
Paolo Maldini
Luca Toni
Giorgio Chiellini
Cafu
Federico Chiesa
Luka Modrić
Grzegorz Krychowiak
Luka Jović
Kevin De Bruyne
Moise Kean
Jefferson Farfán
Shinji Kagawa
Arthur Melo
Bafétimbi Gomis
Adriano
Salomon Kalou
Seydou Doumbia
Andrea Belotti
Claudio Pizarro
Edin Džeko
Diego Forlán
Juan Cuadrado
Maxwell
Kevin-Prince Boateng
Leroy Sané
 
Statystyki odpowiedzi
Odpowiedź % Poprawnych
Franck Ribéry
85%
Jakub Blaszczykowski
84%
David de Gea
75%
Dušan Vlahović
75%
Federico Chiesa
74%
Bartłomiej Drągowski
71%
Luka Jović
71%
Moise Kean
69%
Artur Boruc
65%
Mohamed Salah
63%
Luca Toni
61%
Edin Džeko
50%
Mario Gómez
50%
Krzysztof Piątek
47%
Juan Cuadrado
44%
Arthur Melo
41%
Andrea Belotti
38%
Kevin-Prince Boateng
28%
Giorgio Chiellini
16%
Adriano
14%
Nie znaleziono quizów pasujących do podanych kryteriów
Rozkład punktacji
Procent ludzi z każdym wynikiem
Percentyl według liczby udzielonych odpowiedzi
Twoja historia wyników
Nie rozwiązałeś tego quizu